A concise guide on textile dyes, pigments and dye intermediates with textile printing technology / (Record no. 146651)

MARC details
000 -LEADER
fixed length control field 00605nam a22001817a 4500
005 - DATE AND TIME OF LATEST TRANSACTION
control field 20171016115008.0
010 ## - LCCN (DPL NO)
LC control number ENG-120998
020 ## - INTERNATIONAL STANDARD BOOK NUMBER
International Standard Book Number 9789381039205
Terms of availability 1675.00
035 ## - SYSTEM CONTROL NUMBER
System control number EN-104530
037 ## - SOURCE OF ACQUISITION
Source of stock number/acquisition DBAD/PUB
082 ## - DEWEY DECIMAL CLASSIFICATION NUMBER
Classification number 667.3
100 ## - MAIN ENTRY--PERSONAL NAME
Personal name Panda, Himadri
245 ## - TITLE STATEMENT
Title A concise guide on textile dyes, pigments and dye intermediates with textile printing technology /
Statement of responsibility, etc by Himadri Panda
260 ## - PUBLICATION, DISTRIBUTION, ETC. (IMPRINT)
Place of publication, distribution, etc Delhi
Name of publisher, distributor, etc npcs (NIIR Project Consultancy Service)
Date of publication, distribution, etc 2013
270 ## - ADDRESS
Address 106-E,Kamla Nagar
City Delhi
Postal code 110007
300 ## - PHYSICAL DESCRIPTION
Extent 488p. :
Dimensions 22cm(pbk)
Other physical details ill.
942 ## - ADDED ENTRY ELEMENTS (KOHA)
Source of classification or shelving scheme Dewey Decimal Classification
Item type English Books
Classification part 667.3
Call number suffix PAN
Holdings
Withdrawn status Lost status Not for loan Collection code Home library Current library Date acquired Source of acquisition Cost, normal purchase price Full call number Barcode Copy number Cost, replacement price Koha item type
    Not For Loan Non-fiction D.B.Act.Division Bawana 16/10/2017 DBAD/PUB 1675.00 667.3 PAN EN-104530 1 1675.00 English Books

© Delhi Public Library
Hit Counter
free hit counter